Southville International School and Colleges
Your cart is empty.
  • Cart
  • Lists
    Public lists Eva Luna New books Lux_list list_1
    Your lists Log in to create your own lists
  • Log in to your account
  • Your cookies
  • Search history
Southville International School and Colleges
  • Advanced search
  • Recent comments
  • Most popular
  • Libraries

Log in to your account

Log in with GOOGLE


If you do not have an external account, but do have a local account, you can still log in:

  1. Home
  2. MARC view: Brownie girl scouts leader's guide /
Normal view MARC view ISBD view

Brownie girl scouts leader's guide / (Record no. 10601)

[ view plain ]
MARC details
000 -LEADER
fixed length control field 00653nam a22001937a 4500
003 - CONTROL NUMBER IDENTIFIER
control field SISC
005 - DATE AND TIME OF LATEST TRANSACTION
control field 20160404092051.0
008 - FIXED-LENGTH DATA ELEMENTS--GENERAL INFORMATION
fixed length control field 130907t xxu||||| |||| 00| 0 eng d
020 ## - INTERNATIONAL STANDARD BOOK NUMBER
International Standard Book Number 088441339x
050 ## - LIBRARY OF CONGRESS CALL NUMBER
Classification number HS 3353.G5
Item number .B885 1986
082 ## - DEWEY DECIMAL CLASSIFICATION NUMBER
Classification number HS 369.46302
Item number B82 1986
245 ## - TITLE STATEMENT
Title Brownie girl scouts leader's guide /
260 ## - PUBLICATION, DISTRIBUTION, ETC. (IMPRINT)
Place of publication, distribution, etc New York :
Name of publisher, distributor, etc Girl Scouts of the United States of America,
Date of publication, distribution, etc c1986.
300 ## - PHYSICAL DESCRIPTION
Extent 61 p. :
Other physical details ill. ;
Dimensions 28 cm.
650 ## - SUBJECT ADDED ENTRY--TOPICAL TERM
Topical term or geographic name as entry element Girl Scouts
General subdivision Handbooks , manuals , etc.
9 (RLIN) 17075
650 ## - SUBJECT ADDED ENTRY--TOPICAL TERM
Topical term or geographic name as entry element Brownie Girl Scouts
General subdivision United States
-- Handbooks, manuals, etc
-- Juvenile literature.
9 (RLIN) 17076
942 ## - ADDED ENTRY ELEMENTS (KOHA)
Source of classification or shelving scheme Library of Congress Classification
Koha item type Books
Holdings
Withdrawn status Lost status Source of classification or shelving scheme Damaged status Home library Current library Shelving location Date acquired Total Checkouts Full call number Barcode Date last seen Copy number Price effective from Koha item type
    Library of Congress Classification   Luxembourg Library Luxembourg Library High School Section 09/07/2013   HS 3353.G5 .B885 1986 11215 04/04/2016 1 09/07/2013 Books

Brownie girl scouts leader's guide /

APA

(1986). Brownie girl scouts leader's guide. New York: Girl Scouts of the United States of America.

Chicago

1986. Brownie girl scouts leader's guide. New York: Girl Scouts of the United States of America.

Harvard

(1986). Brownie girl scouts leader's guide. New York: Girl Scouts of the United States of America.

MLA

Brownie girl scouts leader's guide. New York: Girl Scouts of the United States of America. 1986.

  • Place hold
  • Print
  • Cite
  • Add to your cart (remove)
  • Save record
    BIBTEX Dublin Core MARCXML MARC (non-Unicode/MARC-8) MARC (Unicode/UTF-8) MARC (Unicode/UTF-8, Standard) MODS (XML) RIS
  • More searches
    Search for this title in:
    Other Libraries (WorldCat) Other Databases (Google Scholar) Online Stores (Bookfinder.com) Open Library (openlibrary.org)

Exporting to Dublin Core...

SOUTHVILLE LIBRARY

Southville International School and Colleges Library

1281 Tropical Ave. Cor. Luxembourg St., BF Homes International, Las Pinas City

Tel. No. 8256374 / 252358 Loc. 117/146

Powered by Koha